000 00506ngm a2200181 i 4500
999 _c166141
_d166141
001 C2-0303219
003 PPAK
005 20180824001829.0
008 100318s1994 xxu |||| ||||| | |eng d
020 _a0767066731
040 _aPPAK
_beng
_cPPAK
_erda
245 0 0 _aBio True Story :
_bThe Mystery Of Edgar Allan Poe
264 1 _aUnited States :
_bA&E Television Networks ,
_c1994
336 _2rdacontent
_atext
337 _2rdamedia
_aunmediated
338 _2rdacarrier
_avolume
942 _2ddc
_cDVD